[Event "Asian Zonal 3.3 2019"]
[Site "Ulaanbaatar"]
[Date "2019.04.11"]
[Round "5.12"]
[White "Amilal, Munkhdalai"]
[Black "Agibileg, Uurtsaikh"]
[Result "0-1"]
[WhiteElo "2042"]
[BlackElo "2403"]
[Annotator "TA"]
[PlyCount "90"]
[EventDate "2019.04.07"]
[EventType "swiss"]
[EventRounds "9"]
[EventCountry "MGL"]
[SourceTitle "playchess.com"]
[Source "ChessBase"]
[SourceQuality "1"]

{[%evp 20,90,27,15,52,44,83,50,116,25,12,19,19,7,16,13,7,21,22,0,0,0,0,0,0,-12,-19,-36,-8,-6,0,0,0,-12,0,-3,0,-13,-2,-10,-2,-25,0,0,0,-25,-25,-83,-3,-4,0,-44,-44,-44,-25,-29,-10,-102,-102,-102,-102,-185,-185,-220,-220,-353,-278,-5381,-1095,-935,-928,-854,-835]} 1. e4 c5 2. Nf3 e6 3. d4 cxd4 4. Nxd4 Nc6 5. Nc3 a6 6. Nxc6 bxc6 7. Bd3 d5 8. O-O Nf6 9. Qe2 Be7 10. b3 O-O 11. Bb2 Nd7 {B46: Sicilian: Taimanov: 5 Nc3 a6} (11... Bb7 12. Rad1 Qc7 13. Na4 dxe4 14. Bxe4 Nxe4 15. Qxe4 c5 16. Qg4 g6 17. c4 Rfd8 18. Bc3 Rxd1 19. Rxd1 Rd8 20. Rxd8+ Qxd8 {1-0 (42) Anand,V (2773)-Grachev,B (2626) St Petersburg 2018}) 12. Na4 Bb7 13. Rad1 $146 ({Predecessor:} 13. f4 Nb6 14. exd5 Nxa4 15. Bxh7+ Kxh7 16. Qh5+ Kg8 17. Bxg7 Kxg7 18. Rf3 Bc5+ {0-1 (27) Stefansson,H (2495)-Klarenbeek,M (2375) Cappelle-la-Grande 1993}) 13... c5 (13... Qc7 $14) 14. Rfe1 (14. exd5 $16 exd5 15. Be4 dxe4 16. Qg4 {[%mdl 64] Double Attack}) 14... d4 $11 15. e5 Bc6 16. c3 ({Reject} 16. Bxa6 {[#]} Nxe5 $1 {[%mdl 512]} 17. Qxe5 Rxa6 $17) 16... Bxa4 17. bxa4 Qa5 18. cxd4 cxd4 19. Qe4 {[%csl Gd3][%cal Re4h7]} g6 20. Qxd4 Bc5 21. Qf4 Rab8 22. Bc1 Rb4 {[%mdl 64] Double Attack} 23. Qg3 Qxa4 (23... Rxa4 {feels hotter.} 24. a3 Qc7 25. Rd2 Rb8 26. Bf1 Rd4) 24. Bxa6 Qxa6 25. Rxd7 Qxa2 26. Rdd1 Rfb8 27. h3 Rb1 28. Bf4 Rxd1 29. Rxd1 Qe2 30. Rf1 Rb2 31. Qh4 {Hoping for Qd8+.} h5 32. Bg3 Qd3 $36 {[%mdl 2048] Black has good play.} 33. Ra1 (33. Rc1 $11) 33... Bf8 (33... Qf5 $17 34. Qf6 Qxf6 35. exf6 Kh7) 34. Qf6 Qd4 35. Re1 Rb4 36. h4 Qd7 37. Ra1 $1 Qb7 {Strongly threatening ...Be7.} 38. Qg5 (38. Qd8 $11 Qb8 39. Qxb8 Rxb8 40. Bf4) 38... Be7 $17 39. Qd2 Rg4 40. Rd1 (40. Qd3 $17) 40... Bxh4 $19 41. Kh2 Kg7 42. Kh3 (42. Rf1 $142) 42... Bxg3 43. f3 $2 {[#]} (43. fxg3 Qb3 44. Qd3 Qxd3 45. Rxd3) 43... Qe7 $1 {[%csl Gg3,Gg4][%cal Re7h4][%mdl 512] Black is clearly winning.} 44. Qd8 Qxd8 45. Rxd8 Rg5 {Accuracy: White = 27%, Black = 54%.} 0-1

[Event "Asian Zonal 3.3 2019"]
[Site "Ulaanbaatar"]
[Date "2019.04.11"]
[Round "5.13"]
[White "Dang, Hoang Son"]
[Black "Baasansuren, Erdene"]
[Result "0-1"]
[WhiteElo "2367"]
[BlackElo "2199"]
[Annotator "TA"]
[PlyCount "80"]
[EventDate "2019.04.07"]
[EventType "swiss"]
[EventRounds "9"]
[EventCountry "MGL"]
[SourceTitle "playchess.com"]
[Source "ChessBase"]
[SourceQuality "1"]

{[%evp 15,80,0,0,0,0,-5,-24,-4,0,-1,-9,-20,-25,-16,0,-70,-47,-64,-49,-79,-64,-98,-81,-121,-50,-54,-48,-167,-153,-270,-267,-242,-246,-526,-525,-490,-479,-610,-604,-609,-604,-597,-561,-567,-562,-558,-564,-551,-558,-612,-602,-734,-708,-883,-924,-1001,-990,-1518,-1392,-1317,-1236,-29988,-29989,-29989,-29990,-29989,-29990]} 1. d4 d5 2. c4 e6 3. Nf3 Nf6 4. g3 Bb4+ 5. Nbd2 O-O 6. Bg2 b6 7. O-O Bb7 8. Qc2 Nbd7 9. a3 {E16: Queen's Indian: 4 g3 Bb7 5 Bg2 Bb4+} (9. Rd1 c5 10. cxd5 exd5 11. dxc5 bxc5 12. a3 Ba5 13. e3 Qe7 14. b3 Rac8 15. Bb2 Rfe8 16. Nh4 Qe6 17. Rac1 {0-1 (54) Quintiliano Pinto,R (2484)-Bu,X (2705) Doha 2016}) 9... Be7 10. b4 dxc4 11. Nxc4 {Black has an edge.} c5 12. dxc5 bxc5 13. b5 a6 14. bxa6 Rxa6 15. Bf4 $146 ({White should play} 15. Nfd2 $11 Bxg2 16. Kxg2) ({Predecessor:} 15. Bb2 Be4 16. Qc3 Nb6 17. Nxb6 Qxb6 {1-0 (43) Brinkmann,F (2105)-Wittje,B (2214) Germany 2017}) 15... Qa8 16. Rfd1 Bd5 17. Ne1 Ra4 18. Bxd5 exd5 ({Don't play} 18... Nxd5 19. Nd3 $11) 19. Ne3 d4 (19... Ra6 $17 20. a4 Re8) 20. Nf5 $15 Re8 $36 {[%mdl 2048] White is under pressure.} 21. Nd3 {[#]} (21. Nxe7+ $15 Rxe7 22. Bg5) 21... Bf8 $1 $19 ({Stronger than} 21... Rxa3 22. Rxa3 Qxa3 23. Nxe7+ Rxe7 {[#]} 24. Nxc5 $1 $11 {[%mdl 512]} (24. Bd6 Re6 $11)) 22. Nd6 (22. e3 $17) 22... Bxd6 $1 23. Bxd6 Ne4 24. Nb2 $2 (24. Bf4) 24... Ra6 25. Bf4 Nc3 26. Re1 Rae6 27. e3 {[#]} g5 $1 {[%mdl 512]} 28. Bc7 (28. Bxg5 Ne5) 28... Qa7 29. Bd6 Rxd6 30. exd4 Rxe1+ 31. Rxe1 cxd4 32. Re8+ Kg7 33. Nc4 Rf6 34. Qd3 Qc5 35. a4 Qd5 36. a5 Nc5 37. Qf1 d3 {[%cal Bd4d3,Bd3e2][%mdl 32]} 38. Ne3 Ne2+ {Black mates.} 39. Qxe2 dxe2 40. Nxd5 Re6 {Accuracy: White = 19%, Black = 74%.} 0-1

[Event "Asian Zonal 3.3 2019"]
[Site "Ulaanbaatar"]
[Date "2019.04.11"]
[Round "5.14"]
[White "Khin, Than"]
[Black "Tugstumur, Yesuntumur"]
[Result "0-1"]
[WhiteElo "2203"]
[BlackElo "2355"]
[Annotator "TA"]
[PlyCount "110"]
[EventDate "2019.04.07"]
[EventType "swiss"]
[EventRounds "9"]
[EventCountry "MGL"]
[SourceTitle "playchess.com"]
[Source "ChessBase"]
[SourceQuality "1"]

{[%evp 15,110,17,5,5,22,24,26,35,29,21,36,20,20,10,35,0,0,0,0,10,3,12,71,65,40,0,10,10,108,17,17,17,20,25,25,29,13,12,21,-8,-5,-5,-10,-6,8,6,9,3,114,-56,-56,-57,-67,-77,-62,-56,-49,-55,-72,-56,58,47,51,0,0,0,430,-8,125,0,0,0,0,3,8,8,10,0,0,0,0,-14,0,0,0,-25,-22,-89,-66,-50,-51,-54,-8,-34,-42,-29972,-29971]} 1. d4 Nf6 2. Nf3 g6 3. Bg5 Bg7 4. Nbd2 O-O 5. e3 d6 6. Bd3 Nbd7 7. O-O b6 8. h3 Bb7 9. c3 {A48: 1 d4 Nf6 2 Nf3 g6: Torre, London and Colle Systems} (9. Qe2 Re8 10. e4 h6 11. Bxf6 exf6 12. Qd1 d5 13. Re1 dxe4 14. Bxe4 Bxe4 15. Rxe4 Rxe4 16. Nxe4 f5 {0-1 (65) Lutsko,I (2489)-Levin,E (2358) St Petersburg 2006}) 9... Qe8 10. e4 e5 11. Re1 {White has an edge.} h6 12. Bh4 Nh5 13. Qc2 $146 ({Predecessor:} 13. dxe5 dxe5 14. Bb5 {½-½ (29) Spartz,G-Mauquoi,R Luxembourg 1993}) 13... Rc8 14. Rad1 exd4 15. cxd4 g5 16. Bg3 Nxg3 17. fxg3 c5 18. Nc4 Qe7 (18... cxd4 $11 19. Qf2 Qe6 20. Nxd4 Bxd4 21. Qxd4 Ne5) 19. Qf2 $16 Rfe8 20. dxc5 Nxc5 ({Much worse is} 20... Rxc5 $6 21. Bf1 $16) 21. Bb1 Red8 (21... Rcd8 $1 $11 {keeps the balance.}) 22. Nd4 ({Better is} 22. Ne3 $1 $16) 22... Bxd4 $11 ({Don't go for} 22... Bxe4 $2 23. Nf5 $18) 23. Qxd4 {[%cal Rc4d6]} Ne6 24. Qd3 {aiming for e5.} Ba6 $1 {[%cal Ra6c4]} 25. e5 {[%cal Be4e5,Be5d6][%mdl 32] White wants to mate with Qh7+.} Nf8 26. exd6 Qf6 27. b3 {And now Qf5 would win.} (27. Rf1 $5 {[%cal Rf1f6]} Qe6 28. b3 Bxc4 29. bxc4 $14) 27... Bxc4 $1 28. bxc4 Rc6 $1 29. Rf1 $132 {[%mdl 2048] White puts up resistance} Qe6 {[%cal Rc6d6]} 30. Qf3 Rcxd6 31. Rc1 Rd4 (31... Nd7 $11) 32. Rfe1 $2 (32. Kh2 $16) 32... Rxc4 $15 33. Kh2 Rxc1 34. Rxc1 Qe5 $1 35. Bc2 Kg7 36. Bb3 Rd7 $1 37. Rf1 {[%cal Rb3f7]} Ng6 (37... Ne6 $15) 38. Bxf7 $14 h5 39. Kh1 ({White should try} 39. Bxg6 $14 Kxg6 40. Qc6+ Qd6 41. Qc2+ Kh6 42. Qb2) 39... g4 $11 40. Qf2 {Threatens to win with Bxg6.} b5 $2 {[%mdl 8192] [#]} (40... gxh3 $11 41. gxh3 Qe4+ 42. Kh2 h4 43. gxh4 Qe5+ 44. Kg1 Rd3 45. Bxg6 Rg3+ 46. Kh1 Rxh3+ 47. Kg1 Rg3+ 48. Kh1 Rxg6) 41. Bb3 $2 (41. Bxg6 $1 $18 Kxg6 42. Qc2+ Kh6 43. Rf5) 41... a5 {[#]} (41... gxh3 $1 $11 42. gxh3 Rd3) 42. Bc2 ({White must play} 42. h4 $1 $16) 42... gxh3 $1 43. gxh3 Qd5+ 44. Kg1 {Qf6+ would kill now.} Qe5 45. h4 b4 46. Qf3 Rc7 47. Bd3 a4 48. Bb1 Re7 (48... Rc3 $5 49. Qf7+ $8 Kh8 50. Qf6+ (50. Kh1 $2 Rxg3 51. Qf6+ Qxf6 $19) 50... Qxf6 51. Rxf6 Rc1+ 52. Rf1 Rc3 $11) 49. Kh1 Qe6 50. Bf5 Qe2 {White must now prevent ...Qxf3+.} 51. Qf2 (51. Qg2 $11 {remains equal.}) 51... Qxf2 $17 52. Rxf2 Re1+ 53. Kg2 Ne5 54. Rb2 Kf6 55. Kf2 $2 {[%mdl 8192]} (55. Bh7 $15) 55... Kxf5 {Precision: White = 36%, Black = 63%.} 0-1

[Event "Asian Zonal 3.3 2019"]
[Site "Ulaanbaatar"]
[Date "2019.04.11"]
[Round "5.15"]
[White "Tran, Minh Thang"]
[Black "Amgalanbaatar, Ravdanlkhumbuu"]
[Result "1-0"]
[WhiteElo "2349"]
[BlackElo "2081"]
[Annotator "TA"]
[PlyCount "63"]
[EventDate "2019.04.07"]
[EventType "swiss"]
[EventRounds "9"]
[EventCountry "MGL"]
[SourceTitle "playchess.com"]
[Source "ChessBase"]
[SourceQuality "1"]

{[%evp 9,63,17,27,0,25,27,33,-15,30,2,67,44,85,79,87,92,85,-12,45,49,51,68,149,167,163,147,193,173,226,231,239,231,223,225,304,220,225,228,228,232,259,256,263,261,286,287,350,348,330,314,353,334,393,341,420,404]} 1. d4 d6 2. Nf3 Bg4 3. b3 (3. e3 Nf6 4. Be2 Nbd7 5. c4 e5 6. Nc3 c6 7. O-O Be7 8. h3 Bh5 9. b3 O-O 10. Bb2 e4 11. Nh2 Bxe2 12. Qxe2 d5 13. Rac1 a6 14. Ng4 Re8 15. Rc2 Bd6 16. Nxf6+ {½-½ (16) Mamedyarov,S (2817)-Petrosian,T (2598) St Petersburg 2018}) 3... Bxf3 4. gxf3 g6 5. Bb2 Bg7 6. Qc1 $146 {A41: 1 d4 d6: Tartakower System and Modern Defence} ({Predecessor:} 6. e3 c5 7. c3 cxd4 8. cxd4 Nf6 9. Nc3 Qa5 10. Qd2 O-O {1-0 (59) Savage,B (2150)-Williamson,K (1864) London 2002}) 6... e5 7. dxe5 dxe5 8. f4 {White is slightly better.} Qe7 9. Bg2 c6 (9... Nd7 $11) 10. Nd2 {Hoping for Nc4.} Nd7 11. Nc4 Nh6 12. Ba3 c5 {[#]} 13. Bxb7 ({White should play} 13. Qd2 $1 $16 O-O 14. Qd6 (14. Bxb7 Rad8 $11) 14... Qxd6 15. Nxd6) 13... Rb8 (13... Rd8 $11) 14. Bc6 $36 {[%mdl 2048] Threatens to win with Qd2. White has the initiative.} O-O $1 15. Bb2 e4 {[#]} ({Better is} 15... Rbd8 $14) 16. Bxg7 $1 $16 Kxg7 17. Qb2+ Nf6 18. O-O-O Nf5 (18... Rfd8 $142 19. Qe5 Qxe5 20. fxe5 Nfg4) 19. e3 $18 Kg8 20. Rhg1 Rfc8 21. Ba4 Nh4 22. Qe5 Rc7 23. Qxe7 Rxe7 24. Ne5 Rb6 25. Rd8+ Kg7 26. Nc4 Rbe6 27. Nd6 h5 28. h3 Kh7 29. Rg5 Rc7 30. Re5 Nf3 {[#]} 31. Nxf7 $1 {[%mdl 512]} Nxe5 (31... Rxf7 32. Rxe6) 32. Ng5+ {[%mdl 64] Double Attack. Accuracy: White = 63%, Black = 29%.} ({Less strong is} 32. Nxe5 g5 $14) 1-0

[Event "Asian Zonal 3.3 2019"]
[Site "Ulaanbaatar"]
[Date "2019.04.11"]
[Round "5.16"]
[White "Khatanbaatar, Bazar"]
[Black "Anand, Batsukh"]
[Result "1-0"]
[WhiteElo "2337"]
[BlackElo "1771"]
[Annotator "TA"]
[PlyCount "69"]
[EventDate "2019.04.07"]
[EventType "swiss"]
[EventRounds "9"]
[EventCountry "MGL"]
[SourceTitle "playchess.com"]
[Source "ChessBase"]
[SourceQuality "1"]

{[%evp 9,69,8,18,7,8,0,18,14,8,0,-5,0,-3,-7,0,-25,-32,-34,-22,-27,30,28,40,53,44,57,50,34,65,47,45,43,102,101,97,97,89,80,108,103,135,151,150,140,146,151,987,969,1137,1118,1052,744,1399,1357,5465,5465,5465,5465,5181,3360,29983,29984]} 1. e4 c5 2. Nf3 e6 3. g3 Nc6 4. Bg2 Nf6 5. Qe2 (5. d3 d5 6. Nbd2 Be7 7. O-O O-O 8. Re1 b5 9. a4 b4 10. e5 Nd7 11. Nf1 b3 12. c4 dxc4 13. dxc4 Rb8 14. Bd2 Qc7 15. Bc3 Rd8 16. N1d2 Bb7 17. Qe2 Ba8 {1-0 (57) Malakhov,V (2654)-Salgado Lopez,I (2624) Germany 2019}) 5... e5 6. O-O {B40: Sicilian: 2...e6, Unusual lines} Be7 7. Nc3 O-O 8. Nd5 {The position is equal.} d6 9. Nxe7+ Qxe7 10. c3 Re8 11. d3 $146 ({Predecessor:} 11. Nh4 Be6 12. d3 h6 {½-½ (50) Du,Y (2011)-Sliwicka,A (2264) Porto Carras 2018}) 11... Be6 12. h3 Rad8 13. Nh4 d5 14. Re1 c4 (14... Kh8 $142) 15. dxc4 $1 $11 dxe4 16. Bg5 h6 17. Bxf6 $1 Qxf6 18. Qxe4 g5 19. Nf3 Bf5 20. Qe3 Qe6 ({Better is} 20... Rd3 $14 21. Qe2 Red8) 21. g4 $16 Bg6 22. Nd2 Rd3 23. Qe2 Red8 24. Bd5 Qf6 25. Ne4 Bxe4 26. Qxe4 Rxh3 {[#]} 27. Re3 $1 $36 {[%cal Re3h3][%mdl 2048] Black is under strong pressure.} Rh4 $2 (27... Rxe3 $16 28. fxe3 Qg7) 28. Rf3 $18 Rd6 29. Rxf6 Rxf6 30. Bxc6 bxc6 31. Rd1 h5 32. Rd8+ Kg7 33. Qxe5 Rxg4+ 34. Kf1 h4 35. Rd6 {Accuracy: White = 75%, Black = 38%.} 1-0

[Event "Asian Zonal 3.3 2019"]
[Site "Ulaanbaatar"]
[Date "2019.04.11"]
[Round "5.17"]
[White "Chinguun, Bayaraa"]
[Black "Tengis, Tsog-Ochir"]
[Result "1-0"]
[WhiteElo "2033"]
[BlackElo "2207"]
[Annotator "TA"]
[PlyCount "53"]
[EventDate "2019.04.07"]
[EventType "swiss"]
[EventRounds "9"]
[EventCountry "MGL"]
[SourceTitle "playchess.com"]
[Source "ChessBase"]
[SourceQuality "1"]

{[%evp 15,53,10,30,0,70,0,0,-36,-22,-77,-50,-50,-12,-16,-20,-36,-25,-60,-68,-97,-46,-73,-6,0,-4,-16,14,12,15,15,478,472,1073,1035,29982,959,29993,29993,29997,149]} 1. d4 Nf6 2. c4 g6 3. Nc3 d5 4. Nf3 Bg7 5. Bf4 O-O 6. e3 c5 7. dxc5 Qa5 8. Rc1 Rd8 9. Qb3 {D93: Grünfeld: 4 Nf3 Bg7 5 Bf4 0-0 6 e3} (9. Qa4 Qxc5 10. b4 Qc6 11. Qa3 dxc4 12. b5 Qb6 13. Bxc4 Be6 14. Bxe6 Qxe6 15. O-O Nbd7 16. Ng5 Qf5 17. Qxe7 Nh5 {½-½ (57) Ivanchuk,V (2757)-Carlsen,M (2872) London 2013}) 9... Qxc5 ({Better is} 9... Na6 $11) 10. cxd5 (10. Be2 $14) 10... Nxd5 $11 {And now ...Nc6 would win.} 11. Bc4 {[%cal Rc3d5] The position is equal.} Bxc3+ $146 ({Predecessor:} 11... Be6 12. Nxd5 Bxd5 13. O-O Bxc4 14. Rxc4 Qd5 15. Rc8 {1-0 (15) Leitao,N (2160)-De Pieri,H (1735) Florianopolis 2017}) 12. bxc3 (12. Rxc3 $11 {keeps the balance.} Nc6 13. Bc7 Nxc3 14. Bxd8 Nxd8 15. Qxc3) 12... Nc6 {White must now prevent ...Na5.} (12... Be6 $5 {[%cal Rd5f4]} 13. Bxd5 Bxd5 $15) 13. Bxd5 Rxd5 14. O-O b6 15. c4 Rd8 16. Qc3 Bf5 17. Rfd1 Rac8 ({Black should play} 17... Nb4 $17 18. Bh6 f6) 18. Nd4 e5 (18... f6 $17) 19. Nxf5 gxf5 20. Bg5 Rxd1+ 21. Rxd1 Kg7 22. Qd3 Kg6 $2 {[%mdl 8192]} (22... Ne7 $11 {and Black is okay.}) 23. Qd7 $18 Rf8 ({Wrong is} 23... Nb8 $2 24. Rd6+ Qxd6 25. Qxd6+) (23... Nd4 $142 24. exd4 Qc7) 24. Rd6+ {[%mdl 64] Double Attack} Kxg5 {[#]} 25. Rxc6 (25. h4+ $142 $1 {[%mdl 512]} Kg4 (25... Kxh4 26. Qxf5) 26. Rxc6 Qxc6 27. Qxc6 f4 28. f3+ Kh5 29. Qf6 {[%mdl 64] Double Attack} Rg8 30. Qxf7+ {[%mdl 64] Double Attack} Kxh4 31. Qxg8) 25... Qb4 {[#]} 26. h4+ $1 {[%mdl 512]} Kg4 (26... Kxh4 27. Qxf5) 27. Qd1+ {Accuracy: White = 47%, Black = 27%.} 1-0

[Event "Asian Zonal 3.3 2019"]
[Site "Ulaanbaatar"]
[Date "2019.04.11"]
[Round "5.18"]
[White "Priasmoro, Novendra"]
[Black "Bulgankhan, Ganzorig"]
[Result "1-0"]
[WhiteElo "2479"]
[BlackElo "1936"]
[Annotator "TA"]
[PlyCount "61"]
[EventDate "2019.04.07"]
[EventType "swiss"]
[EventRounds "9"]
[EventCountry "MGL"]
[SourceTitle "playchess.com"]
[Source "ChessBase"]
[SourceQuality "1"]

{[%evp 23,61,7,56,47,50,43,42,47,52,41,43,39,101,100,135,94,224,214,343,331,294,297,309,298,385,345,466,468,597,597,574,550,1066,793,753,747,1374,1359,29985,29986]} 1. Nf3 c5 2. e4 e6 3. d4 cxd4 4. Nxd4 a6 5. Bd3 Qc7 6. O-O Nf6 7. Qe2 d6 8. Nc3 Be7 9. Bd2 {B42: Sicilian: Kan Variation: 5 Bd3} Nbd7 (9... O-O 10. Nb3 {½-½ (10) Jovanovic,Z (2534)-Markus,R (2650) Mali Losinj 2017}) 10. Kh1 b5 11. Rae1 Bb7 12. f4 h5 {LiveBook: 3 Games} 13. b4 $1 h4 14. a4 $146 ({Predecessor:} 14. Nf3 Nh5 15. e5 d5 16. f5 {0-1 (76) Lauridsen,J (2249)-Meister,J (2479) Berlin 2012}) 14... bxa4 15. Nxa4 h3 16. g3 {[%cal Bg2g3,Bg3g4,Bg4g5][%mdl 32]} O-O 17. c4 Rfe8 ({Black should try} 17... Rfc8 $14) 18. g4 $16 e5 19. Nf5 {aiming for g5.} Bf8 (19... exf4 $16 20. Bxf4 Bf8) 20. g5 $18 Nh7 (20... Nxe4 $142 21. Bxe4 exf4 22. Rxf4 Rxe4 23. Rxe4 Rc8) 21. Qh5 g6 22. Nh6+ ({Worse is} 22. Qxh3 gxf5 23. Nc3 (23. Qxf5 Nc5 $17) 23... Nb6 $15) 22... Bxh6 23. Qxh6 exf4 24. Rxf4 Ne5 25. Bc3 (25. Rh4 f6 $18) 25... f5 {intending ...Qg7.} 26. gxf6 ({Weaker is} 26. Bxe5 Rxe5 27. Qxg6+ Qg7 $11) 26... Qf7 27. Rg1 g5 28. Rxg5+ Nxg5 29. Qxg5+ Ng6 30. Rg4 {[#] White threatens Qh6 and mate.} Re6 31. Qh6 {Precision: White = 100%, Black = 18%.} 1-0

[Event "Asian Zonal 3.3 2019"]
[Site "Ulaanbaatar"]
[Date "2019.04.11"]
[Round "5.19"]
[White "Altanbayar, Tserenpeljee"]
[Black "Khuslen, Altan-Ochir"]
[Result "1/2-1/2"]
[WhiteElo "2060"]
[BlackElo "1927"]
[Annotator "NA RC"]
[PlyCount "107"]
[EventDate "2019.04.07"]
[EventType "swiss"]
[EventRounds "9"]
[EventCountry "MGL"]
[SourceTitle "playchess.com"]
[Source "ChessBase"]
[SourceQuality "1"]
[TimeControl "40/5400+30:1800+30"]

1. e4 e5 2. Nf3 Nc6 3. Bb5 a6 4. Ba4 Nf6 5. O-O Be7 6. Re1 b5 7. Bb3 d6 8. c3 O-O 9. h3 Bb7 10. a4 h6 11. d3 Na5 12. Bc2 c5 13. Nbd2 Re8 14. Nf1 Bf8 15. Ng3 d5 16. Qe2 Qd7 17. Bd2 c4 18. axb5 axb5 19. Rad1 dxe4 20. dxe4 Qe6 21. Nf5 Nb3 22. g4 Nxd2 23. Qxd2 Rad8 24. Qxd8 Rxd8 25. Rxd8 Bc6 26. Red1 Ne8 27. Kh2 g6 28. Ne3 Be7 29. R8d2 Nf6 30. Nd5 Bc5 31. g5 Bxd5 32. exd5 Qd6 33. gxf6 e4+ 34. Kg2 exf3+ 35. Kxf3 Qxf6+ 36. Kg2 Qg5+ 37. Kf1 Qh5 38. Be4 Bd6 39. Bg2 f5 40. Re1 f4 41. Re6 f3 42. Bxf3 Qxf3 43. Rxd6 Qxh3+ 44. Ke2 Qh5+ 45. Kf1 Qh1+ 46. Ke2 Qh5+ 47. Kf1 Qh3+ 48. Ke2 Qg4+ 49. Ke1 Qe4+ 50. Kd1 Qb1+ 51. Ke2 Qe4+ 52. Kd1 Qb1+ 53. Ke2 Qe4+ 54. Kd1 1/2-1/2

[Event "Asian Zonal 3.3 2019"]
[Site "Ulaanbaatar"]
[Date "2019.04.11"]
[Round "5.20"]
[White "Surya, Wahyudi"]
[Black "Tenuunbold, Battulga"]
[Result "1-0"]
[WhiteElo "2197"]
[BlackElo "1692"]
[Annotator "NA RC"]
[PlyCount "81"]
[EventDate "2019.04.07"]
[EventType "swiss"]
[EventRounds "9"]
[EventCountry "MGL"]
[SourceTitle "playchess.com"]
[Source "ChessBase"]
[SourceQuality "1"]
[TimeControl "40/5400+30:1800+30"]

1. c4 e5 2. Nc3 Nf6 3. Nf3 Nc6 4. d3 Bb4 5. Bd2 O-O 6. e3 d5 7. cxd5 Nxd5 8. Be2 Nxc3 9. bxc3 Bd6 10. O-O Be6 11. e4 h6 12. d4 Bg4 13. Be3 Qf6 14. Rb1 Rfe8 15. h3 Bh5 16. d5 Nd8 17. Qa4 Qe7 18. c4 b6 19. c5 bxc5 20. g4 Bg6 21. Rfc1 Rf8 22. Nd2 f6 23. Nb3 Nf7 24. h4 Bh7 25. Nxc5 f5 26. exf5 Qxh4 27. Kg2 Bxc5 28. Rxc5 Nd6 29. Rh1 Qe7 30. Qc6 Rac8 31. Ba6 Rcd8 32. Qxc7 Rd7 33. Qc6 Nf7 34. Qe6 Qd8 35. Rc8 Rd6 36. Rxd8 Rfxd8 37. Bc4 g6 38. Bc5 Rxe6 39. dxe6 gxf5 40. exf7+ Kg7 41. f8=Q+ 1-0

[Event "Asian Zonal 3.3 2019"]
[Site "Ulaanbaatar"]
[Date "2019.04.11"]
[Round "5.21"]
[White "Chuluun, Gonchigdorj"]
[Black "Danzanjunai, Ganbat"]
[Result "1/2-1/2"]
[WhiteElo "1982"]
[BlackElo "1608"]
[Annotator "NA RC"]
[PlyCount "118"]
[EventDate "2019.04.07"]
[EventType "swiss"]
[EventRounds "9"]
[EventCountry "MGL"]
[SourceTitle "playchess.com"]
[Source "ChessBase"]
[SourceQuality "1"]
[TimeControl "40/5400+30:1800+30"]

1. e4 e5 2. Nf3 Nc6 3. d4 exd4 4. Nxd4 Nf6 5. Nc3 Bb4 6. Nxc6 bxc6 7. Bd3 d5 8. exd5 cxd5 9. O-O O-O 10. Bg5 Bxc3 11. bxc3 h6 12. Bh4 Qd6 13. Qf3 Bg4 14. Qg3 Qxg3 15. Bxg3 c6 16. Rfe1 Rfe8 17. f3 Bh5 18. Rab1 Rxe1+ 19. Bxe1 Bg6 20. Rb7 Ne8 21. Bg3 Bxd3 22. cxd3 g5 23. a4 h5 24. h3 Kg7 25. a5 h4 26. Be5+ Kg6 27. a6 c5 28. c4 f6 29. Bb8 dxc4 30. dxc4 Kh6 31. Kf2 Kg6 32. Ke3 Kf5 33. Kd3 Ke6 34. Bxa7 Nd6 35. Kc3 Nc8 36. Bxc5 Rxa6 37. Rb8 Rc6 38. Kb4 Kf5 39. Be3 Rc7 40. Bb6 Nxb6 41. Rxb6 Rf7 42. Kc5 Ke5 43. Kc6 f5 44. c5 g4 45. fxg4 fxg4 46. hxg4 Rf2 47. Kd7 Rxg2 48. c6 Rd2+ 49. Kc8 h3 50. c7 h2 51. Rh6 Kf4 52. Kb7 Rb2+ 53. Kc6 Rc2+ 54. Kd6 Rd2+ 55. Ke6 Rc2 56. Kd6 Rd2+ 57. Ke6 Rc2 58. Kd7 Rd2+ 59. Kc8 Kxg4 1/2-1/2

[Event "Asian Zonal 3.3 2019"]
[Site "Ulaanbaatar"]
[Date "2019.04.11"]
[Round "5.22"]
[White "Erkhembayar, Tserentsoodol"]
[Black "Batbold, Nyamsuren"]
[Result "0-1"]
[WhiteElo "1757"]
[BlackElo "1809"]
[Annotator "NA RC"]
[PlyCount "134"]
[EventDate "2019.04.07"]
[EventType "swiss"]
[EventRounds "9"]
[EventCountry "MGL"]
[SourceTitle "playchess.com"]
[Source "ChessBase"]
[SourceQuality "1"]
[TimeControl "40/5400+30:1800+30"]

1. c4 Nf6 2. d4 d5 3. Nc3 c6 4. cxd5 cxd5 5. g3 Nc6 6. Bg2 e6 7. Nf3 Bb4 8. O-O O-O 9. a3 Bxc3 10. bxc3 Ne4 11. Bb2 Bd7 12. a4 Na5 13. Ba3 Re8 14. Bb4 Nc4 15. a5 Rc8 16. Ne5 Nxc3 17. Bxc3 Nxe5 18. Qb3 Qc7 19. Bb4 Nc6 20. Bc3 b6 21. a6 Nb8 22. Rfc1 Qc4 23. Qb2 Qb5 24. Qd2 Rc4 25. e4 Rcc8 26. Bf1 Qc6 27. Bb4 Qa8 28. e5 Nc6 29. Bc3 Rc7 30. Bb4 Rec8 31. Bc3 Ne7 32. Bb2 Rxc1 33. Rxc1 Rxc1 34. Bxc1 Nc6 35. Ba3 h6 36. g4 Qc8 37. Bd6 Nb8 38. Qa2 Nc6 39. Qa4 Nxe5 40. Qb3 Nc4 41. Qg3 Nd2 42. Bd3 Ne4 43. Bxe4 dxe4 44. Bb8 Qxa6 45. Qc7 Qa1+ 46. Kg2 Qxd4 47. Bxa7 e3 48. fxe3 Qxg4+ 49. Kf2 Qh4+ 50. Kg2 Qe4+ 51. Kf2 Bc6 52. Bxb6 Qc2+ 53. Ke1 Qc1+ 54. Ke2 Bb5+ 55. Kf3 Qh1+ 56. Kg3 Bc6 57. Qd8+ Kh7 58. Qd3+ Be4 59. Qe2 Qg1+ 60. Kf4 Qg6 61. Qg4 e5+ 62. Kg3 Qxb6 63. Qxe4+ Qg6+ 64. Qxg6+ Kxg6 65. h4 Kf5 66. Kf3 e4+ 67. Kg3 h5 0-1